Nejlepší praktiky? Zdání klame
Nesprávne používanie mnohých teórií manažmentu a najlepších praktík a vážne poškodenie zdravia firmy. Vytvorenie si vlastných praktík, ktoré zodpovedajú firme. Nesprávne tvrdenie, že firmu majú riadiť profesionálni manažéri a nie majiteľ. Individuality verzus pracovné tímy. Prečo v niektorých firmác...
Na minha lista:
| Autor principal: | |
|---|---|
| Formato: | Capítulo de Livro |
| Idioma: | tcheco |
| Assuntos: | |
| Tags: |
Sem tags, seja o primeiro a adicionar uma tag!
|
MARC
| LEADER | 00000naa$a2200000$$$4500 | ||
|---|---|---|---|
| 001 | 0115557 | ||
| 005 | 20231213140138.9 | ||
| 041 | 0 | |a cze | |
| 044 | |a CZ | ||
| 245 | 1 | 0 | |a Nejlepší praktiky? Zdání klame |c Ján Košturiak |
| 520 | |a Nesprávne používanie mnohých teórií manažmentu a najlepších praktík a vážne poškodenie zdravia firmy. Vytvorenie si vlastných praktík, ktoré zodpovedajú firme. Nesprávne tvrdenie, že firmu majú riadiť profesionálni manažéri a nie majiteľ. Individuality verzus pracovné tímy. Prečo v niektorých firmách nefunguje projektové a procesné riadenie. Nadbytok informácií, nedostatok vedomostí. Pracovníci ako najdôležitejší prvok každej firmy. Strategický inovačný proces. Prekonávanie vlastného stereotypu a slepoty. Realizácia vízie, poslania a stratégie. | ||
| 610 | 2 | 0 | |a manažment |
| 610 | 2 | 0 | |a riadenie podnikové |
| 610 | 2 | 0 | |a riadenie procesné |
| 610 | 2 | 0 | |a riadenie projektové |
| 610 | 2 | 0 | |a riadenie strategické |
| 610 | 2 | 0 | |a manažéri |
| 610 | 2 | 0 | |a pracovníci |
| 610 | 2 | 0 | |a tímy pracovné |
| 610 | 2 | 0 | |a vedomosti |
| 610 | 2 | 0 | |a inovácia |
| 100 | 1 | |a Košturiak, Ján | |